|
|
|
|
| LEADER |
01308nam a2200301 a 4500 |
| 001 |
24037 |
| 003 |
BD-DhAAL |
| 008 |
111214s2010 ne a b 001 0 eng d |
| 999 |
|
|
|c 11606
|d 11606
|
| 010 |
|
|
|a 2009034579
|
| 020 |
|
|
|a 9780123785893 (alk. paper)
|
| 040 |
|
|
|a DNLM/DLC
|c DLC
|d BD-DhAAL
|
| 082 |
0 |
0 |
|a 572.8
|2 22
|
| 100 |
1 |
|
|a Clark, David P.
|9 44952
|
| 245 |
1 |
0 |
|a Molecular biology :
|b academic cell update /
|c David Clark.
|
| 260 |
|
|
|a Amsterdam ;
|a Boston :
|b Academic Press/Elsevier,
|c c2010.
|
| 300 |
|
|
|a xviii, 784 p. :
|b col. ill. ;
|c 29 cm.
|
| 504 |
|
|
|a Includes bibliographical references and index.
|
| 541 |
1 |
|
|e 00024037
|
| 650 |
|
0 |
|a Molecular biology.
|9 44953
|
| 650 |
1 |
2 |
|a Cell Physiological Phenomena
|x genetics.
|9 44954
|
| 650 |
2 |
2 |
|a Genetic Phenomena.
|9 44955
|
| 650 |
2 |
2 |
|a Molecular Biology
|x methods.
|9 44956
|
| 650 |
2 |
2 |
|a Pharmacy.
|9 44957
|
| 852 |
1 |
|
|a Ayesha Abed Library
|c General Stacks
|
| 942 |
|
|
|2 ddc
|c BK
|
| 952 |
|
|
|0 0
|1 0
|4 0
|6 572_800000000000000_CLA
|7 0
|9 18888
|a BRACUL
|b BRACUL
|c GEN
|d 2011-12-14
|e Parash Publishers
|g 7300.00
|l 19
|m 117
|o 572.8 CLA
|p 3010024037
|r 2026-03-29
|s 2025-12-10
|t 1
|w 2011-12-14
|y BK
|
| 952 |
|
|
|0 0
|1 0
|4 0
|6 572_800000000000000_CLA
|7 0
|9 18889
|a BRACUL
|b BRACUL
|c GEN
|d 2011-12-14
|e Parash Publishers
|g 7300.00
|l 14
|m 138
|o 572.8 CLA
|p 3010024038
|r 2026-01-12
|s 2026-01-05
|t 2
|w 2011-12-14
|y BK
|